01339nam a2200337Ia 4500001001200000003000800012006001900020007001500039008004100054020001500095020001800110020001800128040002100146035002100167050002500188082002400213100001800237245012700255250001300382260005200395300001800447490002200465504005100487533015200538650005600690651003700746651004600783655002900829710001700858856012600875ebr10715430CaPaEBRm o u cr cn|||||||||900326s1989 miu sb s001 0 eng d z0814321046 z9780814321041 z9780814337646 aCaPaEBRcCaPaEBR a(OCoLC)84994485714aF574.D49bA28 1989eb04a305.8/009774/342191 aWidick, B. J.10aDetroith[electronic resource] :bcity of race and class violence /cby B.J. Widick ; foreword by Horace L. Sheffield, Jr. aRev. ed. aDetroit :bWayne State University Press,c1989. axxiii, 291 p.0 aGreat Lakes books aIncludes bibliographical references and index. aElectronic reproduction.bPalo Alto, Calif. :cebrary,d2013.nAvailable via World Wide Web.nAccess may be limited to ebrary affiliated libraries. 0aViolencezMichiganzDetroitxHistoryy20th century. 0aDetroit (Mich.)xRace relations. 0aDetroit (Mich.)xPolitics and government. 7aElectronic books.2local2 aebrary, Inc.40uhttp://site.ebrary.com/lib/rucke/Doc?id=10715430zAn electronic book accessible through the World Wide Web; click to view